Pahlawan pasir raja

Bibliographic Details
Main Author: Mohd Azhar Su
Format: Book
Published: Kuala Lumpur : Dewan Bahasa dan Pustaka , 1991
Subjects:

MARC

LEADER 00000cam a2200000 7i4500
001 0000041287
005 19970101.0
008 970101s1991
020 |a 9836233474 
090 0 0 |a JF MOH 
100 0 |a Mohd Azhar Su 
245 0 0 |a Pahlawan pasir raja   |c Mohd Azhar Su 
260 |a Kuala Lumpur :   |b Dewan Bahasa dan Pustaka ,   |c 1991 
300 |a 135p, :   |b ill ;   |c 19cm. 
650 0 0 |a Junior fiction-malay 
999 |a 77420   |b Buku   |c Koleksi Pinjaman Kanak-Kanak   |e Perbadanan Perpustakaan Awam Melaka 
999 |a 77421   |b Buku   |c Koleksi Pinjaman Kanak-Kanak   |e Perbadanan Perpustakaan Awam Melaka